| 000 | 01353nam a2200361Ia 4500 | ||
|---|---|---|---|
| 001 | ebr10224765 | ||
| 003 | CaPaEBR | ||
| 006 | m u | ||
| 007 | cr cn||||||||| | ||
| 008 | 010524s2002 enka sb 001 0 eng d | ||
| 010 | _z 2001037094 | ||
| 020 | _z9780826478757 | ||
| 020 | _z9781847144539 | ||
| 020 | _z0826453686 (hardback) | ||
| 020 | _z0826453694 (pbk.) | ||
| 040 |
_aCaPaEBR _cCaPaEBR |
||
| 035 | _a(OCoLC)568446114 | ||
| 050 | 1 | 4 |
_aP147 _b.R45 2002eb |
| 082 | 0 | 4 |
_a415 _221 |
| 245 | 0 | 0 |
_aRelations and functions within and around language _h[electronic resource] / _cedited by Peter H. Fries ... [et al.]. |
| 260 |
_aLondon ; _aNew York : _bContinuum, _c2002. |
||
| 300 |
_aviii, 399 p. : _bill. |
||
| 490 | 1 | _aOpen linguistics series | |
| 504 | _aIncludes bibliographical references and index. | ||
| 533 |
_aElectronic reproduction. _bPalo Alto, Calif. : _cebrary, _d2009. _nAvailable via World Wide Web. _nAccess may be limited to ebrary affiliated libraries. |
||
| 650 | 0 | _aFunctionalism (Linguistics) | |
| 650 | 0 | _aDiscourse analysis. | |
| 655 | 7 |
_aElectronic books. _2local |
|
| 700 | 1 | _aFries, Peter Howard. | |
| 710 | 2 | _aebrary, Inc. | |
| 830 | 0 | _aOpen linguistics series. | |
| 856 | 4 | 0 |
_uhttp://site.ebrary.com/lib/rucke/Doc?id=10224765 _zAn electronic book accessible through the World Wide Web; click to view |
| 999 |
_c26455 _d26455 |
||